The prevention and supression of dust in mining, tunnelling and quarrying: third international report 1958-1962

Kaydedildi:
Detaylı Bibliyografya
Müşterek Yazar: International Labour Organisation (Yazar)
Materyal Türü: Kitap
Dil:İngilizce
Baskı/Yayın Bilgisi: Ginebra International Labour Office 1967
Konular:
Etiketler: Etiketle
Etiket eklenmemiş, İlk siz ekleyin!

MARC

LEADER 00000nam a2200000 a 4500
001 UCY3416
003 CL-VaPUC
008 941227e19670000SZ |||||||||||||||||eng|d
082 0 4 |a 622.42  |b INT  |2 21 
110 2 |a International Labour Organisation  |e author  |9 331676 
245 1 4 |a The prevention and supression of dust in mining, tunnelling and quarrying: third international report 1958-1962 
942 |c BK 
945 |d 19941227 00:00:00  |a mfernand 
260 |a Ginebra  |b International Labour Office  |c 1967 
650 7 |a POLVO  |2 CL-VaPUC  |9 259545 
650 0 |a Minas  |9 255522 
650 7 |a TUNELES  |2 CL-VaPUC  |9 260490 
583 |a last modification  |c 19941227 00:00:00  |k Rodrigo Vera 
999 |c 231552  |d 231550